Schaum's outline of theory and problems of programming with advanced structured COBOL with file processing, structured systems development, and interactive considerations / (Record no. 541712)
[ view plain ]
| 000 -LEADER | |
|---|---|
| fixed length control field | 00778cam a2200193 a 4500 |
| 082 00 - DEWEY DECIMAL CLASSIFICATION NUMBER | |
| Classification number | 005.133 |
| Author Mark | NEW |
| -- | MCE-L02,P-85 |
| 100 1# - MAIN ENTRY--PERSONAL NAME | |
| Personal name | Newcomer, Lawrence R. |
| 9 (RLIN) | 36727 |
| 245 10 - TITLE STATEMENT | |
| Title | Schaum's outline of theory and problems of programming with advanced structured COBOL with file processing, structured systems development, and interactive considerations / |
| Statement of responsibility, etc. | Lawrence R. Newcomer. |
| 260 ## - PUBLICATION, DISTRIBUTION, ETC. | |
| Place of publication, distribution, etc. | New York : |
| Name of publisher, distributor, etc. | McGraw-Hill, |
| Date of publication, distribution, etc. | c1987. |
| 300 ## - PHYSICAL DESCRIPTION | |
| Extent | 350 p. : |
| Other physical details | ill. ; |
| Dimensions | 28 cm. |
| 490 0# - SERIES STATEMENT | |
| Series statement | Schaum's outline series |
| 500 ## - GENERAL NOTE | |
| General note | Includes index. |
| 526 ## - STUDY PROGRAM INFORMATION NOTE | |
| Program name | 0 |
| Interest level | 0 |
| Reading level | 0 |
| Title point value | 005_133000000000000_NEW |
| 650 #0 - SUBJECT ADDED ENTRY--TOPICAL TERM | |
| Topical term or geographic name entry element | COBOL (Computer program language) |
| 9 (RLIN) | 36728 |
| 650 #0 - SUBJECT ADDED ENTRY--TOPICAL TERM | |
| Topical term or geographic name entry element | File processing (Computer science) |
| 9 (RLIN) | 36729 |
| 650 #0 - SUBJECT ADDED ENTRY--TOPICAL TERM | |
| Topical term or geographic name entry element | MCE |
| 9 (RLIN) | 379 |
| 650 #0 - SUBJECT ADDED ENTRY--TOPICAL TERM | |
| Topical term or geographic name entry element | Structured programming. |
| 9 (RLIN) | 3675 |
| 942 ## - ADDED ENTRY ELEMENTS (KOHA) | |
| Source of classification or shelving scheme | |
| Koha item type | Book |
| Withdrawn status | Lost status | Source of classification or shelving scheme | Damaged status | Not for loan | Permanent Location | Current Location | Date acquired | Total Checkouts | Full call number | Barcode | Date last seen | Price effective from | Koha item type |
|---|---|---|---|---|---|---|---|---|---|---|---|---|---|
| Military College of Engineering (MCE) | Military College of Engineering (MCE) | 08/23/2013 | 005.133 NEW | MCE-24201 | 08/23/2013 | 08/23/2013 | Book |
